Logo BPK

Biblioteka

Politechniki Koszalińskiej

Betriebssichere Gleitlager. Berechnungsvefahren fur konstruktion un Betrieb.Zweite neubearbeitete tuflage / (Rekord nr 25447)

Szczegóły MARC
000 -ETYKIETA REKORDU
podpole kontrolne o stałej długości 00388nam a2200133 i 4500
001 - NUMER KONTROLNY REKORDU
pole kontrolne bg
040 ## - ŹRÓDŁO KATALOGOWANIA
Instytucja, która utworzyła rekord BPK
041 ## - KOD JĘZYKA
Kod języka tekstu pol
008 - POLE O STAŁEJ DŁUGOŚCI - DANE KONTROLNE
podpole kontrolne o stałej długości s pl f |000 0 pol
100 1# - NAZWA OSOBOWA
Nazwa osobowa VOGELPOHL, Georg
245 #0 - TYTUŁ/ODPOWIEDZIALNOŚĆ
Tytuł Betriebssichere Gleitlager. Berechnungsvefahren fur konstruktion un Betrieb.Zweite neubearbeitete tuflage /
Pozostałe elementy strefy tytułu i oznaczenia odpowiedzialności Georg Vogelpohl.
260 ## - STREFA ADRESU WYDAWNICZEGO
Miejsce wydania Berlin,
Data publikacji, dystrybucji/powstania dokumentu 1967.
856 ## - LOKALIZACJA I DOSTĘP DO ELEKTRONICZNYCH DOKUMENTÓW ZDALNYCH
Link (URL) http://koha.tu.koszalin.pl/cgi-bin/koha/opac-detail.pl?biblionumber=25447
Tekst linku Katalog online BPK
942 ## - DODATKOWE ELEMENTY (KOHA)
Typ dokumentu Książka
Egzemplarze
Wycofany Status egzemplarza Uszkodzony Dostępność Lokalizacja stała Lokalizacja bieżąca Miejsce przechowywania Sygnatura Kod kreskowy Typ dokumentu
      Dostępny Biblioteka Politechniki Koszalińskiej Biblioteka Politechniki Koszalińskiej Wypożyczalnia BG 12654 01741735 Książka
© 2023 Biblioteka Politechniki Koszalińskiej :: KOHA